Retratos flamencos del siglo XV al XVII
Sparad:
| Huvudupphovsman: | |
|---|---|
| Materialtyp: | Bok |
| Språk: | spanska |
| Publicerad: |
Ciudad de México
Hermes
1969
|
| Serie: | Colección Unesco-hermes Bolsilibros de Arte
|
| Ämnen: | |
| Taggar: |
Lägg till en tagg
Inga taggar, Lägg till första taggen!
|
MARC
| LEADER | 00000nam a2200000 a 4500 | ||
|---|---|---|---|
| 001 | UCO1829 | ||
| 003 | CL-VaPUC | ||
| 008 | 000519e19690000MX |||||||||||||||||spa|d | ||
| 082 | 0 | 4 | |a 759.493 |b LAN |2 21 |
| 100 | |a Langui, Emile |e author |9 450751 | ||
| 245 | 1 | 0 | |a Retratos flamencos del siglo XV al XVII |
| 300 | |a 24 p | ||
| 942 | |c BK | ||
| 945 | |d 20000519 00:00:00 |a rbrito | ||
| 260 | |a Ciudad de México |b Hermes |c 1969 | ||
| 650 | 0 | |a Arte flamenco |9 346187 | |
| 650 | 0 | |a Retratos |9 313437 | |
| 650 | 0 | |a Arte renacentista |9 264949 | |
| 650 | 7 | |a SIGLOS 15-17 |2 CL-VaPUC |9 378177 | |
| 583 | |a last modification |c 20000519 00:00:00 |k Rodrigo Vera | ||
| 490 | 0 | |a Colección Unesco-hermes Bolsilibros de Arte | |
| 999 | |c 288422 |d 288420 | ||
| 952 | |0 0 |1 0 |4 0 |6 759_493000000000000_LAN_1969 |7 0 |8 P |9 336091 |a BIBARQ |b BIBARQ |d 2019-11-20 |i 3620735 |o 759.493 LAN 1969 |p 3620735 |r 2025-01-20 |w 2019-11-20 |y BK |k ARQ | ||